000 00368nam a22001457a 4500
003 MACL
005 20200721124117.0
008 200721b xxu||||| |||| 00| 0 eng d
040 _cMACL
100 _aRanjan,Rakesh
_979119
245 _aIndian Government and Polities
260 _aNew Delhi
_bAne books Pvt. Ltd.
_c2018
650 _aPolitics
_979120
942 _2ddc
_cBK
999 _c62732
_d62732